The grassroots of democracy field studies of Indian elections / (Record no. 4149)

MARC details
000 -LEADER
fixed length control field 00695 a2200193 4500
010 ## - LCCN (DPL NO)
LC control number ENG-86084
020 ## - INTERNATIONAL STANDARD BOOK NUMBER
International Standard Book Number 8178241803
Terms of availability 695.00
035 ## - SYSTEM CONTROL NUMBER
System control number EN-69617
037 ## - SOURCE OF ACQUISITION
Source of stock number/acquisition DBAD / PUB
082 14 - DEWEY DECIMAL CLASSIFICATION NUMBER
Classification number 324.954
100 ## - MAIN ENTRY--PERSONAL NAME
Personal name Srinivas, M.N.
245 1# - TITLE STATEMENT
Title The grassroots of democracy field studies of Indian elections /
Statement of responsibility, etc by M.N.Srinivas and A.M.Shah; edited by A.M.Shah
260 ## - PUBLICATION, DISTRIBUTION, ETC. (IMPRINT)
Place of publication, distribution, etc Ranikhet
Name of publisher, distributor, etc Permanent Black
Date of publication, distribution, etc 2007
270 ## - ADDRESS
Address `Himalayana', Mall Road, Ranikhet Cantt.,
City Ranikhet
State or province U P
Postal code 263 645
Electronic mail address perblack@gmail.com
300 ## - PHYSICAL DESCRIPTION
Extent xiii, 379p.
Dimensions 22 cm. (Hb)
500 ## - GENERAL NOTE
General note Includes bibliographical references and index
700 ## - ADDED ENTRY--PERSONAL NAME
Personal name Shah, A.M.
942 ## - ADDED ENTRY ELEMENTS (KOHA)
Institution code [OBSOLETE] dpl
Item type English Books
Source of classification or shelving scheme Dewey Decimal Classification
Classification part 324.954
Call number suffix SRI
Holdings
Withdrawn status Lost status Not for loan Collection code Home library Current library Date acquired Source of acquisition Cost, normal purchase price Full call number Barcode Copy number Cost, replacement price Koha item type
    Not For Loan Non-fiction D.B.Act.Division D.B.Act.Division   DBAD/PUB 695.00 324.954 SRI EN-69617 1 695.00 English Books

© Delhi Public Library
Hit Counter
free hit counter